[Event "World Blitz Women 2025"]
[Site "Doha QAT"]
[Date "2025.12.29"]
[Round "1.43"]
[White "Omonova, Umida"]
[Black "Olde, Margareth"]
[Result "1-0"]
[WhiteTitle "WIM"]
[BlackTitle "WIM"]
[WhiteElo "2294"]
[BlackElo "2214"]
[WhiteFideId "14210363"]
[BlackFideId "4503082"]
[EventDate "2025.12.29"]

1. e4 d6 2. d4 Nf6 3. Nc3 e5 4. Nf3 Nbd7 5. Bc4 Be7 6. O-O O-O 7. Re1 c6 8. h3
h6 9. a4 Re8 10. Bf1 exd4 11. Nxd4 Bf8 12. Nf5 Nc5 13. Ng3 a5 14. Bf4 Ne6 15.
Be3 d5 16. exd5 Nxd5 17. Nxd5 cxd5 18. c3 Bc5 19. Bxc5 Nxc5 20. Rxe8+ Qxe8 21.
Qxd5 Ne6 22. Bb5 Qd8 23. Qxd8+ Nxd8 24. Rd1 Be6 25. Ne4 Nc6 26. Nc5 Nd8 27. f4
Kf8 28. g4 g6 29. Kf2 Rc8 30. Ne4 Ke7 31. Ke3 f5 32. gxf5 Bxf5 33. Nd6 Rc7 34.
Nxf5+ gxf5 35. Rd5 Ne6 36. Rxf5 Ng7 37. Re5+ Kf6 38. Bd3 b6 39. Rb5 Rc6 40. Be4
Re6 41. b4 axb4 42. cxb4 Ne8 43. Rf5+ Kg7 44. Re5 Rxe5 45. fxe5 Nc7 46. a5 bxa5
47. bxa5 Kf7 48. Bb7 Ke6 49. Ke4 Nb5 50. a6 Nc3+ 51. Kf4 Ne2+ 52. Ke4 1-0

[Event "World Blitz Women 2025"]
[Site "Doha QAT"]
[Date "2025.12.29"]
[Round "1.44"]
[White "Charvi A"]
[Black "Chen, Yining"]
[Result "1-0"]
[WhiteTitle "WFM"]
[BlackTitle "FM"]
[WhiteElo "2270"]
[BlackElo "2278"]
[WhiteFideId "25165518"]
[BlackFideId "8620946"]
[EventDate "2025.12.29"]

1. e4 e6 2. d4 d5 3. Nd2 c5 4. exd5 exd5 5. Ngf3 Nc6 6. Bb5 cxd4 7. Nxd4 Bd7 8.
Nxc6 bxc6 9. Be2 Nf6 10. O-O Bd6 11. h3 O-O 12. Nf3 h6 13. c3 Rb8 14. Qc2 Re8
15. Be3 Qc7 16. Rad1 a5 17. c4 Qb7 18. Bd4 Ne4 19. Bd3 Bf5 20. cxd5 cxd5 21. Nd2
Rbc8 22. Qb1 Bb4 23. Nf3 a4 24. a3 Bd6 25. Rfe1 Bg6 26. Nh4 Bh7 27. f3 g5 28.
fxe4 gxh4 29. exd5 Rxe1+ 30. Rxe1 Bxd3 31. Qxd3 Qxd5 32. Qe3 Qg5 33. Qxg5+ hxg5
34. Bc3 Kh7 35. Re4 Ra8 36. Kf1 Kg6 37. Rc4 Bg3 38. Ke2 Re8+ 39. Kf3 Ra8 40.
Rc6+ Kh7 41. Rf6 Ra7 42. Rf5 Kg6 43. Rf6+ Kh7 44. Rf5 Kg6 45. Kg4 Bf4 46. Bf6
Rb7 47. Bxg5 Bg3 48. Bf6 Rb3 49. Bc3 Rb6 50. Rg5+ Kh6 51. Rh5+ Kg6 52. Ra5 Re6
53. Rxa4 Re2 54. Ra6+ Kh7 55. Kh5 Rxg2 56. Rh6+ 1-0

[Event "World Blitz Women 2025"]
[Site "Doha QAT"]
[Date "2025.12.29"]
[Round "1.45"]
[White "Krush, Irina"]
[Black "Zherebtsova, Alexandra"]
[Result "1/2-1/2"]
[WhiteTitle "GM"]
[BlackTitle "FM"]
[WhiteElo "2402"]
[BlackElo "2307"]
[WhiteFideId "2012782"]
[BlackFideId "24129518"]
[EventDate "2025.12.29"]

1. d4 Nf6 2. c4 e6 3. Nc3 d5 4. Bg5 Nbd7 5. e3 Be7 6. Qc2 h6 7. Bh4 O-O 8. Rd1
c6 9. Nf3 b6 10. cxd5 cxd5 11. Bd3 Bb7 12. O-O Rc8 13. Rc1 Ne4 14. Bxe7 Qxe7 15.
Bxe4 dxe4 16. Nd2 Nf6 17. Qb3 e5 18. d5 Rfd8 19. Ndxe4 Nxe4 20. Nxe4 Rxc1 21.
Rxc1 Bxd5 22. Qa4 Bxe4 23. Qxe4 Qc5 24. Qb1 Qb4 25. h3 g6 1/2-1/2

[Event "World Blitz Women 2025"]
[Site "Doha QAT"]
[Date "2025.12.29"]
[Round "1.46"]
[White "Shubenkova, Veronika"]
[Black "Cori T., Deysi"]
[Result "0-1"]
[WhiteTitle "WFM"]
[BlackTitle "IM"]
[WhiteElo "2013"]
[BlackElo "2349"]
[WhiteFideId "44124040"]
[BlackFideId "3801934"]
[EventDate "2025.12.29"]

1. e4 e6 2. d4 d5 3. exd5 exd5 4. Nf3 Nf6 5. Bd3 Bd6 6. O-O O-O 7. Bg5 Bg4 8.
Nbd2 Nbd7 9. c3 c6 10. Qc2 Qc7 11. Rae1 Rfe8 12. Bf5 Bh5 13. c4 dxc4 14. Bxd7
Nxd7 15. Qxc4 Nb6 16. Qb3 a5 17. a3 a4 18. Qc2 Bg6 19. Qc3 Nd5 20. Qc1 h6 21.
Be3 Bd3 22. Nc4 Bxf1 23. Rxf1 Bf4 24. Nce5 Bxe3 25. fxe3 f6 26. Ng6 Rxe3 27.
Nfh4 Rae8 28. Nf5 R3e4 29. Qd2 Ne3 30. Nxe3 Rxe3 31. Qc2 Qf7 32. Nf4 Re1 33.
Qxa4 Rxf1+ 34. Kxf1 Qa2 35. Qc2 Qa1+ 36. Kf2 Qe1+ 37. Kf3 Qe3+ 38. Kg4 h5+ 39.
Kf5 Re5+ 0-1

[Event "World Blitz Women 2025"]
[Site "Doha QAT"]
[Date "2025.12.29"]
[Round "1.47"]
[White "Berend, Elvira"]
[Black "Berikkyzy Alanna"]
[Result "1/2-1/2"]
[WhiteTitle "WGM"]
[BlackTitle "WFM"]
[WhiteElo "2265"]
[BlackElo "2241"]
[WhiteFideId "4000510"]
[BlackFideId "13780719"]
[EventDate "2025.12.29"]

1. e4 c5 2. Nf3 Nc6 3. Bb5 Nf6 4. Bxc6 dxc6 5. d3 g6 6. O-O Bg7 7. h3 O-O 8. Nc3
Nd7 9. Bg5 h6 10. Be3 e5 11. Nh2 b6 12. Qd2 Kh7 13. f4 exf4 14. Bxf4 Ne5 15.
Rae1 Be6 16. Kh1 Qd7 17. Qf2 Rad8 18. Qg3 f6 19. Nd1 Nf7 20. b3 f5 21. exf5 Bxf5
22. Ne3 Be6 23. Neg4 Rde8 24. Qh4 g5 25. Bxg5 Nxg5 26. Rxf8 Rxf8 27. Qg3 Bf5 28.
h4 Ne6 29. Ne3 Bg6 30. Qg4 Qf7 31. Nc4 Nd4 32. c3 Bf5 33. Qg3 Ne6 34. Nd6 Qg6
35. Qxg6+ Kxg6 36. h5+ Kf6 37. Rf1 Ke5 38. Nc4+ Kf6 39. g4 Kg5 40. gxf5 Rxf5 41.
Nf3+ Kf6 42. Ne3 Rxh5+ 43. Kg1 Ke7 44. Nh2 Bxc3 45. Nf5+ Kd7 46. Kg2 Rg5+ 47.
Kh3 h5 48. Nh4 Kd6 49. N2f3 Rd5 50. Rd1 Nf4+ 51. Kg3 Nxd3 52. Nf5+ Kc7 53. Ne3
Rd7 54. Kh4 Bf6+ 55. Kxh5 Nf4+ 56. Kh6 Rxd1 57. Nxd1 Nd3 58. Kg6 Be7 59. Kf5 Nb4
60. Nc3 Nd5 61. Ne4 a5 62. Ke6 Bd8 63. a3 a4 64. bxa4 Be7 65. Ne5 Bf8 66. Ng4
Bg7 67. Nd2 Bb2 68. Nc4 Bc1 69. Nf2 b5 70. axb5 cxb5 71. Kxd5 bxc4 72. Kxc4 Bxa3
73. Nd3 Kc6 74. Nxc5 1/2-1/2

[Event "World Blitz Women 2025"]
[Site "Doha QAT"]
[Date "2025.12.29"]
[Round "1.48"]
[White "Iudina, Veronika"]
[Black "Yu, Jennifer"]
[Result "1-0"]
[WhiteTitle "WFM"]
[BlackTitle "FM"]
[WhiteElo "2204"]
[BlackElo "2276"]
[WhiteFideId "24277916"]
[BlackFideId "2078341"]
[EventDate "2025.12.29"]

1. e4 g6 2. d4 Bg7 3. Nc3 d5 4. e5 e6 5. Be3 Ne7 6. Bd3 b6 7. Nge2 Bb7 8. O-O
Nd7 9. Qd2 h5 10. Bg5 a6 11. Nf4 Qc8 12. Qe3 c5 13. Bxe7 Kxe7 14. dxc5 Nxe5 15.
Rae1 d4 16. Ncd5+ exd5 17. Qxd4 Kf8 18. Rxe5 bxc5 19. Nxg6+ fxg6 20. Qf4+ Kg8
21. Re7 Qf8 22. Qc7 Bc8 23. Bxg6 Rh6 24. Rf7 Rxg6 25. Rxf8+ Bxf8 26. Re1 Bh3 27.
g3 Bd6 28. Qb7 Rf8 29. Qxd5+ Kh8 30. Qxh5+ Kg7 31. Qxh3 c4 32. Re6 Bc5 33. Rxg6+
Kxg6 34. Qe6+ Rf6 35. Qg8+ Kh6 36. Qh8+ Kg6 37. Qg8+ Kh6 38. Qxc4 Bxf2+ 39. Kg2
Be3 40. Qh4+ Kg7 41. Qg4+ Kh6 42. h4 Rf2+ 43. Kh3 Rf6 44. Qe4 Bb6 45. c4 Kg7 46.
b4 Bf2 47. Qe7+ Rf7 48. Qe2 Kf8 49. c5 1-0

[Event "World Blitz Women 2025"]
[Site "Doha QAT"]
[Date "2025.12.29"]
[Round "1.49"]
[White "Bodnaruk, Anastasia"]
[Black "Gaboyan, Susanna"]
[Result "1-0"]
[WhiteTitle "IM"]
[BlackTitle "WIM"]
[WhiteElo "2357"]
[BlackElo "2182"]
[WhiteFideId "4181751"]
[BlackFideId "13303627"]
[EventDate "2025.12.29"]

1. e4 c5 2. Nf3 Nc6 3. Bb5 g6 4. Bxc6 dxc6 5. d3 Bg7 6. h3 Nf6 7. Nc3 Nd7 8. O-O
e5 9. Be3 b6 10. Qd2 h6 11. Nh2 Nf8 12. f4 exf4 13. Bxf4 Ne6 14. Be3 Nd4 15.
Rae1 Be6 16. e5 Bxe5 17. Ng4 Bxg4 18. Bf4 f6 19. hxg4 Qc7 20. Bxe5 fxe5 21.
Rxe5+ Qxe5 22. Re1 Qxe1+ 23. Qxe1+ Kd7 24. Qe5 Rhe8 25. Qg7+ Re7 26. Qxg6 Rae8
27. Ne4 Nxc2 28. Nf6+ Kc7 29. Nxe8+ 1-0

[Event "World Blitz Women 2025"]
[Site "Doha QAT"]
[Date "2025.12.29"]
[Round "1.50"]
[White "Khafizova, Diana"]
[Black "Bulmaga, Irina"]
[Result "0-1"]
[WhiteTitle "WFM"]
[BlackTitle "IM"]
[WhiteElo "2234"]
[BlackElo "2389"]
[WhiteFideId "34378049"]
[BlackFideId "13903063"]
[EventDate "2025.12.29"]

1. d4 Nf6 2. c4 e6 3. g3 c5 4. d5 exd5 5. cxd5 d6 6. Bg2 g6 7. Nc3 Bg7 8. Nf3
O-O 9. O-O Re8 10. Bf4 Na6 11. Re1 Bf5 12. Nh4 Bd7 13. a4 c4 14. Bxd6 Qb6 15.
Ba3 Ng4 16. e3 Ne5 17. Nf3 Nd3 18. Re2 Nac5 19. Ne1 Bg4 20. f3 Bf5 21. Kh1 Nb3
22. Nc2 Nxa1 23. Qxa1 Rad8 24. Nd1 Rxd5 25. e4 Rdd8 26. Nce3 Be6 27. Nc3 Qb3 28.
Ned5 Bxd5 29. exd5 Bxc3 30. Rxe8+ Rxe8 31. bxc3 Re1+ 0-1

[Event "World Blitz Women 2025"]
[Site "Doha QAT"]
[Date "2025.12.29"]
[Round "1.51"]
[White "Shvedova, Alexandra"]
[Black "Parnali, S Dharia"]
[Result "1-0"]
[WhiteTitle "WIM"]
[BlackTitle "WIM"]
[WhiteElo "2255"]
[BlackElo "2150"]
[WhiteFideId "54154782"]
[BlackFideId "5043131"]
[EventDate "2025.12.29"]

1. e4 e5 2. Nf3 Nc6 3. Bc4 Nf6 4. d3 h6 5. O-O Bc5 6. c3 d6 7. a4 a6 8. Nbd2 Ba7
9. Re1 Qe7 10. b4 Bg4 11. Nf1 Nd8 12. Ng3 Be6 13. Bxe6 fxe6 14. d4 O-O 15. dxe5
dxe5 16. Be3 Bxe3 17. Rxe3 Ng4 18. Rd3 Nf7 19. Rd7 Qf6 20. h3 Nxf2 21. Kxf2 Ng5
22. Nh5 Nxe4+ 23. Kg1 Qf5 24. Nxg7 Qg6 25. Qd3 Rf4 26. Nxe5 Qf6 27. Nf3 Rf8 28.
Nh5 Qxc3 29. Qxc3 Nxc3 30. Nxf4 Rxf4 31. Rxc7 Ne2+ 32. Kf2 Nd4 33. Ke3 e5 34.
Nxd4 Rxd4 35. Rxb7 1-0

[Event "World Blitz Women 2025"]
[Site "Doha QAT"]
[Date "2025.12.29"]
[Round "1.52"]
[White "Nordahl, Christine"]
[Black "Atalik, Ekaterina"]
[Result "0-1"]
[BlackTitle "IM"]
[WhiteElo "1835"]
[BlackElo "2349"]
[WhiteFideId "1557939"]
[BlackFideId "4130189"]
[EventDate "2025.12.29"]

1. d4 d5 2. c4 c6 3. Nc3 e6 4. e3 Nf6 5. Nf3 Nbd7 6. Qc2 Bd6 7. g4 h6 8. Rg1 Qe7
9. h4 g6 10. Be2 b6 11. e4 dxe4 12. Nxe4 Nxe4 13. Qxe4 Bb7 14. Be3 O-O-O 15.
O-O-O c5 16. Qc2 Nf6 17. Ne5 Kb8 18. g5 Nd7 19. Nxd7+ Rxd7 20. gxh6 cxd4 21.
Rxd4 Bc5 22. Rxd7 Bxe3+ 23. fxe3 Qxd7 24. h5 Rxh6 25. hxg6 fxg6 26. Rxg6 Rh1+
27. Bd1 Bf3 28. Rg8+ Kc7 29. b3 Rxd1+ 30. Kb2 Rd2 0-1

[Event "World Blitz Women 2025"]
[Site "Doha QAT"]
[Date "2025.12.29"]
[Round "1.53"]
[White "Charkhalashvili, Inga"]
[Black "Rouda Essa, Alserkal"]
[Result "1-0"]
[WhiteTitle "WGM"]
[BlackTitle "WGM"]
[WhiteElo "2235"]
[BlackElo "2052"]
[WhiteFideId "13601431"]
[BlackFideId "9314318"]
[EventDate "2025.12.29"]

1. d4 Nf6 2. c4 e6 3. Nf3 b6 4. g3 Bb7 5. Bg2 Bb4+ 6. Bd2 a5 7. O-O O-O 8. Bf4
Be7 9. Nc3 d6 10. a3 Nbd7 11. b4 Re8 12. Qb3 h6 13. Rfd1 Qc8 14. Rac1 Ne4 15.
Nb5 Ndf6 16. c5 bxc5 17. bxc5 Bd5 18. Qa4 dxc5 19. Nxc7 Qb7 20. Nxe8 Bb3 21.
Nxf6+ Bxf6 22. Rb1 Bxa4 23. Rxb7 Bxd1 24. dxc5 Bxe2 25. c6 Ba6 26. Rb6 Nc5 27.
c7 Rc8 28. Bd6 Nb7 29. Rxa6 Nxd6 30. Rxd6 Rxc7 31. Ra6 1-0

[Event "World Blitz Women 2025"]
[Site "Doha QAT"]
[Date "2025.12.29"]
[Round "1.54"]
[White "Karimova, Guldona"]
[Black "Batsiashvili, Nino"]
[Result "0-1"]
[WhiteTitle "WIM"]
[BlackTitle "GM"]
[WhiteElo "2288"]
[BlackElo "2462"]
[WhiteFideId "14210410"]
[BlackFideId "13602993"]
[EventDate "2025.12.29"]

1. e4 e5 2. Nf3 Nc6 3. Bc4 Nf6 4. d3 Bc5 5. O-O d6 6. c3 a5 7. h3 O-O 8. Re1 Ba7
9. Nbd2 Be6 10. Bb5 Ne7 11. d4 c6 12. Bd3 Ng6 13. Nf1 h6 14. Ng3 c5 15. d5 Bd7
16. c4 a4 17. Bc2 Bb6 18. Bd2 Ba5 19. Nf5 Bxd2 20. Qxd2 Bxf5 21. exf5 Ne7 22.
Qe3 Qd7 23. Nh4 b5 24. b3 axb3 25. axb3 Rxa1 26. Rxa1 Qb7 27. Qc1 bxc4 28. bxc4
Ra8 29. Rxa8+ Qxa8 30. Qb2 Qa7 31. Kh2 Nc8 32. Nf3 Qb6 33. Qa2 Qa7 34. Qb2 Nb6
35. Nd2 Qa5 36. Bd3 Qb4 37. Qa2 Qc3 38. Bf1 Qd4 39. Nf3 Qf4+ 40. Kg1 Qxf5 41.
Qa6 Qb1 42. Qb7 Ne4 43. g3 Qb2 44. Kh1 Nxf2+ 45. Kg1 Ne4 46. Bg2 Qf2+ 47. Kh1
Nxg3+ 48. Kh2 Nf1+ 49. Kh1 Ne3 50. Qb8+ Kh7 51. Nh4 Qxh4 52. Qxb6 Qe1+ 53. Kh2
Qf2 54. Qb1+ f5 55. Qg1 Qxg1+ 56. Kxg1 Nxg2 57. Kxg2 Kg6 0-1

[Event "World Blitz Women 2025"]
[Site "Doha QAT"]
[Date "2025.12.29"]
[Round "1.55"]
[White "Padmini, Rout"]
[Black "Wafa, Shahenda"]
[Result "1-0"]
[WhiteTitle "IM"]
[BlackTitle "WGM"]
[WhiteElo "2354"]
[BlackElo "2074"]
[WhiteFideId "5029295"]
[BlackFideId "10609962"]
[EventDate "2025.12.29"]

1. Nf3 Nf6 2. g3 b6 3. Bg2 Bb7 4. O-O g6 5. d4 Bg7 6. c4 O-O 7. Nc3 d6 8. d5 e5
9. e4 a5 10. Ne1 Na6 11. Nd3 Bc8 12. a3 Bd7 13. b4 axb4 14. axb4 Nh5 15. Ra3 f5
16. exf5 Bxf5 17. Ne4 Nf6 18. Bg5 h6 19. Bxf6 Bxf6 20. Qa1 Qc8 21. Qa2 Qb7 22.
Ra1 Nxb4 23. Nxb4 Rxa3 24. Qxa3 Bg7 25. Nc6 b5 26. c5 Kh7 1-0

[Event "World Blitz Women 2025"]
[Site "Doha QAT"]
[Date "2025.12.29"]
[Round "1.56"]
[White "Lesbekova, Assel"]
[Black "Zhang, Lanlin"]
[Result "0-1"]
[WhiteTitle "WCM"]
[BlackTitle "WIM"]
[WhiteElo "1948"]
[BlackElo "2291"]
[WhiteFideId "13713248"]
[BlackFideId "8608032"]
[EventDate "2025.12.29"]

1. e4 e5 2. Nf3 Nc6 3. Nc3 Nf6 4. d4 exd4 5. Nxd4 d6 6. Be2 Be7 7. O-O O-O 8.
Be3 Re8 9. Nxc6 bxc6 10. Bf3 Bd7 11. h3 a5 12. b3 h6 13. Qd3 Nh7 14. Rad1 Bc8
15. Na4 Be6 16. c4 Bd7 17. Nc3 Qc8 18. Be2 Bf6 19. Rc1 Ng5 20. Bxg5 Bxg5 21. f4
Bf6 22. Bf3 Rb8 23. Kh2 Qa6 24. Rfd1 Qb6 25. Re1 Qf2 26. Qe2 Qc5 27. Qe3 Qxe3
28. Rxe3 Bd4 29. Rd3 Bc5 30. Na4 Bb4 31. c5 f5 32. exf5 Bxf5 33. Rdd1 d5 34. Ra1
Re3 35. a3 Bc3 36. Nxc3 Rxc3 37. Ra2 Rbxb3 38. Re2 Re3 39. Rde1 Rxe2 40. Rxe2
Kf7 41. Bh5+ g6 42. Bf3 Rxa3 43. Rb2 Rc3 44. Rb7 Rxc5 45. Rxc7+ Kf6 46. Ra7 d4
47. g4 Be6 48. Ra6 Bd7 49. Be4 g5 50. f5 Ke5 51. Bd3 Rc3 52. Bf1 d3 53. Ra7 Kd6
54. f6 d2 55. Be2 Rc2 56. Kg3 Rc3+ 57. Kf2 Be6 58. f7 Bxf7 59. Rxf7 Rc1 60. Rf3
Rc2 61. Rd3+ Kc5 62. Ke3 a4 63. Bf3 Kb4 64. Be4 a3 65. Rd4+ Rc4 66. Rxd2 Rc3+
67. Bd3 Kb3 68. Kd4 a2 69. Rxa2 Rxd3+ 70. Kxd3 Kxa2 71. Kc3 Ka3 72. Kc4 Kb2 73.
Kc5 Kc3 74. Kxc6 Kd4 75. Kd6 Ke4 76. Ke6 Kf4 77. Kf6 Kg3 78. Kg6 Kxh3 79. Kxh6
Kxg4 0-1

[Event "World Blitz Women 2025"]
[Site "Doha QAT"]
[Date "2025.12.29"]
[Round "1.57"]
[White "Balajayeva, Khanim"]
[Black "Sharma, Isha"]
[Result "1/2-1/2"]
[WhiteTitle "IM"]
[BlackTitle "WIM"]
[WhiteElo "2351"]
[BlackElo "2245"]
[WhiteFideId "13406396"]
[BlackFideId "35006665"]
[EventDate "2025.12.29"]

1. e4 e5 2. Nf3 Nc6 3. d4 exd4 4. Nxd4 Nf6 5. Nxc6 bxc6 6. Bd3 d5 7. exd5 cxd5
8. O-O Be7 9. c4 d4 10. Nd2 O-O 11. Ne4 Bb7 12. Nxf6+ Bxf6 13. Bf4 Re8 14. b4 g6
15. Qd2 Qd7 16. f3 Rad8 17. Rfe1 Re3 18. Bf1 Ra3 19. b5 c5 20. bxc6 Qxc6 21.
Rab1 Ba6 22. Bg5 Kg7 23. Bxf6+ Qxf6 24. Red1 Rc3 25. Rb3 Rxb3 26. axb3 Qb6 27.
Qd3 Qc5 28. Ra1 Bc8 29. g4 h5 30. h3 hxg4 31. hxg4 Qe5 32. Rxa7 Rh8 33. Bg2 Qf4
34. Qe4 Qc1+ 35. Kf2 Qd2+ 36. Qe2 Qg5 37. Qe7 Qd2+ 38. Qe2 Qg5 39. Qe7 Qd2+ 40.
Kg3 Rf8 41. Qe5+ Kg8 42. Qf4 Qe1+ 43. Kh2 Qh4+ 44. Kg1 Qe1+ 45. Kh2 Qh4+ 46. Kg1
Qe1+ 47. Kh2 Kg7 1/2-1/2

[Event "World Blitz Women 2025"]
[Site "Doha QAT"]
[Date "2025.12.29"]
[Round "1.58"]
[White "Druzhinina, Olga"]
[Black "Kiolbasa, Oliwia"]
[Result "1-0"]
[WhiteTitle "WFM"]
[BlackTitle "IM"]
[WhiteElo "2175"]
[BlackElo "2397"]
[WhiteFideId "4141911"]
[BlackFideId "1154613"]
[EventDate "2025.12.29"]

1. e4 e6 2. d4 d5 3. e5 c5 4. c3 Nc6 5. Nf3 Bd7 6. Be2 f6 7. exf6 Nxf6 8. O-O
cxd4 9. cxd4 Bd6 10. Bg5 O-O 11. Nc3 Rc8 12. Rc1 Be8 13. Bh4 Bg6 14. Bg3 Ne4 15.
Nxe4 Bxe4 16. Qd2 Bxg3 17. hxg3 Qf6 18. Rfd1 Rc7 19. Qe3 Rcf7 20. Rc3 h6 21. a3
g5 22. g4 Ne7 23. Rc7 Ng6 24. Rdc1 Nf4 25. Rxf7 Rxf7 26. Bd1 Ng6 27. Ne1 Ne7 28.
f3 Bg6 29. Nd3 Bxd3 30. Qxd3 Nc6 31. Ba4 Qxd4+ 32. Qxd4 Nxd4 33. Rc8+ Kg7 34.
Kf2 a6 35. Ke3 e5 36. Rd8 b5 37. Bd1 Ne6 38. Rxd5 Kf6 39. Rd6 Ke7 40. Rxa6 Nf4
41. g3 Ne6 42. Bb3 Rf6 43. Rxe6+ 1-0

[Event "World Blitz Women 2025"]
[Site "Doha QAT"]
[Date "2025.12.29"]
[Round "1.59"]
[White "Khamdamova, Afruza"]
[Black "Zvereva, Marija"]
[Result "1-0"]
[WhiteTitle "WGM"]
[BlackTitle "WIM"]
[WhiteElo "2403"]
[BlackElo "2007"]
[WhiteFideId "14210444"]
[BlackFideId "4121082"]
[EventDate "2025.12.29"]

1. e4 c5 2. Nf3 Nc6 3. d4 cxd4 4. Nxd4 e5 5. Nb5 d6 6. c4 f5 7. exf5 Bxf5 8. Bd3
Be6 9. N1c3 a6 10. Na3 Be7 11. Nd5 Nf6 12. Nxf6+ Bxf6 13. O-O O-O 14. Nc2 Rc8
15. Ne3 Nd4 16. Bd2 Bg5 17. Rc1 Kh8 18. b3 g6 19. Bc3 Nf5 20. Bxf5 gxf5 21. f4
Bh6 22. Nd5 Bg7 23. Kh1 Qh4 24. Qd2 Rf7 25. Rce1 e4 26. Ne3 Rg8 27. Bxg7+ Rfxg7
28. Qxd6 Bc8 29. Qe5 Qh5 30. Rd1 Re8 31. Qc3 Kg8 32. Nd5 Qg6 33. Ne3 h5 34. c5
h4 35. Rd6 Qh5 36. Nd5 Qe2 37. Rg1 Kh7 38. Nf6+ Kh8 39. Nxe8 1-0

[Event "World Blitz Women 2025"]
[Site "Doha QAT"]
[Date "2025.12.29"]
[Round "1.60"]
[White "Mikheeva, Galina"]
[Black "Bivol, Alina"]
[Result "0-1"]
[WhiteTitle "FM"]
[BlackTitle "IM"]
[WhiteElo "2122"]
[BlackElo "2360"]
[WhiteFideId "44108320"]
[BlackFideId "4100123"]
[EventDate "2025.12.29"]

1. e4 e6 2. d4 d5 3. exd5 exd5 4. Nf3 Nc6 5. h3 Bd6 6. c4 dxc4 7. Bxc4 Nf6 8.
O-O O-O 9. Nc3 h6 10. Re1 Bf5 11. d5 Ne7 12. Nd4 Bg6 13. Qf3 Nd7 14. Bb3 a6 15.
Bf4 Bxf4 16. Qxf4 Nc5 17. Qf3 Nxb3 18. Nxb3 Re8 19. Rad1 Qd6 20. Ne4 Qb6 21. d6
Bxe4 22. Rxe4 Nc6 23. Rxe8+ Rxe8 24. d7 Rd8 25. Qe4 g6 26. Qe8+ Kg7 27. Qe4 Qb5
28. Nd4 Qxb2 29. Nxc6 bxc6 30. Qe7 Qf6 31. Qe8 c5 32. Qe4 Qe6 33. Qd3 c4 34.
Qd4+ Kh7 35. Kh2 c3 36. Qxc3 Rxd7 37. Re1 Qd6+ 38. g3 Re7 39. Rc1 h5 40. Qf3 h4
41. Rc4 hxg3+ 42. fxg3 Qd2+ 0-1

[Event "World Blitz Women 2025"]
[Site "Doha QAT"]
[Date "2025.12.29"]
[Round "1.61"]
[White "Rakshitta, Ravi"]
[Black "Khalil, Manar"]
[Result "1-0"]
[WhiteTitle "WGM"]
[BlackTitle "WFM"]
[WhiteElo "2381"]
[BlackElo "1925"]
[WhiteFideId "25073230"]
[BlackFideId "7604661"]
[EventDate "2025.12.29"]

1. e4 c5 2. Nf3 Nc6 3. Nc3 d6 4. d4 cxd4 5. Nxd4 Nf6 6. Bc4 e6 7. Be3 Be7 8. Bb3
a6 9. Nxc6 bxc6 10. Qf3 O-O 11. e5 Nd5 12. exd6 Qxd6 13. Ne4 Qe5 14. O-O-O a5
15. Bd4 Qf4+ 16. Qxf4 Nxf4 17. Kb1 a4 18. Bc4 Ba6 19. Bxa6 Rxa6 20. g3 Nd5 21.
c4 Nf6 22. Bxf6 Bxf6 23. Nxf6+ gxf6 24. Rd6 Rb8 25. Rhd1 Kg7 26. c5 Rb5 27. Rc1
f5 28. Rc4 Kf6 29. f4 Ke7 30. Rd3 Ra7 31. Rd2 Raa5 32. Rdc2 Ra7 33. Rd4 Raa5 34.
Rd6 Rxc5 35. Rxc6 Rxc2 36. Kxc2 Kd7 37. Rc4 a3 38. b4 Ra6 39. Kb3 Kd6 40. Rc3
Kd5 41. b5 Rb6 42. Kb4 Rb8 43. Rxa3 Rc8 44. Rd3+ Ke4 45. Rd2 Ke3 46. Rb2 Kd4 47.
a4 Rc4+ 48. Ka5 Kc3 49. Rb1 Kc2 50. Rb4 Rc8 51. b6 Kc3 52. b7 Rc5+ 53. Rb5 1-0

[Event "World Blitz Women 2025"]
[Site "Doha QAT"]
[Date "2025.12.29"]
[Round "1.62"]
[White "Skaslien, Ingrid"]
[Black "Mamedjarova, Turkan"]
[Result "0-1"]
[BlackTitle "WGM"]
[WhiteElo "2029"]
[BlackElo "2216"]
[WhiteFideId "1520660"]
[BlackFideId "13402005"]
[EventDate "2025.12.29"]

1. d4 d5 2. c4 e6 3. Nc3 Nf6 4. Bg5 c6 5. cxd5 exd5 6. e3 Be7 7. Bd3 h6 8. Bh4
O-O 9. Nge2 Ne4 10. Bxe7 Qxe7 11. Qc2 f5 12. O-O Nd7 13. Rae1 Ndf6 14. f3 Nxc3
15. Nxc3 Nh5 16. Qd2 Qd6 17. Ne2 Bd7 18. Nf4 Nxf4 19. exf4 c5 20. Re5 cxd4 21.
Bc2 Rac8 22. Bb3 Qb6 23. Bxd5+ Kh8 24. Kh1 Rfe8 25. Rfe1 Rxe5 26. fxe5 Qc5 27.
Bb3 Re8 28. e6 Bc6 29. Rd1 Rd8 30. Qc2 Qe5 31. Qc4 Qe3 32. Qd3 Qe5 33. h3 Bb5
34. Qd2 d3 35. Re1 Qc5 36. a4 Bc6 37. e7 Re8 38. Qxd3 a5 39. Qe3 Qd6 40. Qe6 Qd2
41. Qe3 Qd6 42. Qe6 Qb4 43. Qxf5 Qxb3 44. Qf8+ Kh7 45. Qf5+ g6 46. Qf8 Qd5 47.
Kh2 Qf5 0-1

[Event "World Blitz Women 2025"]
[Site "Doha QAT"]
[Date "2025.12.29"]
[Round "1.63"]
[White "Toncheva, Nadya"]
[Black "Sawan, Eman"]
[Result "0-1"]
[WhiteTitle "FM"]
[BlackTitle "WFM"]
[WhiteElo "2362"]
[BlackElo "1960"]
[WhiteFideId "2924056"]
[BlackFideId "11511729"]
[EventDate "2025.12.29"]

1. e4 c5 2. Nf3 d6 3. Bb5+ Nd7 4. O-O a6 5. Be2 Ngf6 6. Nc3 b5 7. d3 Bb7 8. a4
b4 9. Nb1 e6 10. Re1 Be7 11. a5 O-O 12. Nbd2 Qc7 13. c3 bxc3 14. bxc3 d5 15. Bf1
Bd6 16. Qc2 Rfe8 17. g3 Rab8 18. Bg2 Bc6 19. Nf1 c4 20. exd5 cxd3 21. Qxd3 exd5
22. Rxe8+ Nxe8 23. Nd4 Bb7 24. Bd2 Nef6 25. Ne3 Ne5 26. Qf5 Bc8 27. Qg5 h6 28.
Qf4 Nc4 29. Qf3 Nxd2 30. Qe2 Nde4 31. Nxd5 Nxd5 32. Qxe4 Nxc3 33. Qe8+ Bf8 34.
Rc1 Bg4 35. Qe3 Rd8 36. Rxc3 Qxa5 37. h3 Qa1+ 38. Kh2 Bc8 39. Nc6 Rd6 40. Ne7+
Bxe7 41. Rxc8+ Rd8 42. Rc7 Bf8 43. Qf3 Qf6 44. Qxf6 gxf6 45. Rc6 a5 46. Rxf6 a4
47. Ra6 a3 48. Be4 Rd2 49. Kg2 Bb4 50. Bf5 Bc5 51. Kf3 Rxf2+ 52. Ke4 a2 53. Ra8+
Kg7 54. Ke5 Bb4 55. Kd4 Be7 0-1

[Event "World Blitz Women 2025"]
[Site "Doha QAT"]
[Date "2025.12.29"]
[Round "1.64"]
[White "Abrar Mohammed Ahmad Almalki"]
[Black "Nurgaliyeva, Zarina"]
[Result "0-1"]
[BlackTitle "WIM"]
[WhiteElo "1826"]
[BlackElo "2305"]
[WhiteFideId "21543143"]
[BlackFideId "13730096"]
[EventDate "2025.12.29"]

1. e4 e5 2. Nf3 Nc6 3. Bc4 Nf6 4. d3 Bc5 5. c3 d6 6. h3 a5 7. a4 h6 8. O-O O-O
9. Ba2 Be6 10. Nbd2 Bxa2 11. Rxa2 d5 12. exd5 Qxd5 13. Qe2 Qxa2 14. Ne4 Nxe4 15.
dxe4 Qe6 16. Be3 Bxe3 17. Qxe3 Rfd8 18. Nh4 Ne7 19. Nf3 Ng6 20. Qc5 b6 21. Qxc7
Rac8 22. Qb7 Nf4 23. Kh2 Ng6 24. Qa6 Qc4 25. Qxc4 Rxc4 26. Re1 Rxa4 27. Re3 0-1